000
00312nam a22001337a 4500
003
OSt
005
20220105110433.0
008
220105b |||||||| |||| 00| 0 eng d
020
_a
354066548X
040
_c
HU
082
_a
006.3 PRO 1999
245
_a
Progress in Artificial Intelligence
942
_2
ddc
_c
BOOKS
_n
0
999
_c
26125
_d
26125